Maantiedettä kirjaimittain - U - Statistics

Yleistilastot
  • Tätä visaa on pelattu 1 994 kertaa
  • Keskiarvotulos 12 / 18
Vastaustilastot
Vihje Vastaus % Oikein
Valtio Afrikassa Uganda
96%
Yksi "stan"-valtioista Uzbekistan
95%
Nelikirjaiminen Yhdysvaltain osavaltio Utah
94%
Etelä-Amerikan valtio Uruguay
93%
Suomen pohjoisin kunta Utsjoki
89%
Gulassi on lähtöisin tästä valtiosta Unkari
88%
Euroopan ja Aasian rajalla sijaitseva vuoristo Ural
88%
Valtio Mustanmeren rannalla Ukraina
83%
Havaijilta peräisin oleva kielisoitin Ukulele
81%
Maorit ovat tämän valtion alkuperäiskansa Uusi-Seelanti
80%
Ruotsin vanhimman yliopiston kaupunki Uppsala
72%
Mongolian pääkaupunki Ulaanbaatar
62%
Kiinan Xinjiangissa elävä turkkilainen kansa Uiguurit
44%
Australian tunnetuin kalliomuodostuma Uluru
42%
Pakistanin virallinen kieli Urdu
40%
Ranskalle kuuluva merentakainen alue Oseaniassa Uusi-Kaledonia
25%
Alue Italian keskiosissa Umbria
24%
Intian väkirikkain osavaltio Uttar Pradesh
13%
Ehtoja vastaavia visoja ei löytynyt
Tulosjakauma
Jokaisen tuloksen saaneiden osuus
Persentiili vastausten määrän mukaan
Tuloshistoriasi
Et ole pelannut tätä visaa